| 000 | 00427nam a2200193Ia 4500 | ||
|---|---|---|---|
| 005 | 20240823035208.0 | ||
| 008 | 240823s9999||||xx |||||||||||||| ||und|| | ||
| 020 | _a81-88965-66-9 | ||
| 041 | _aENGLISH | ||
| 082 | _A891.4393 Q1 | ||
| 100 | _aIsmat Chughtai | ||
| 245 | 0 | _aMasooma A Novel | |
| 250 | _a1st | ||
| 260 |
_c2011 _bWomen Unli |
||
| 500 | _aYES | ||
| 650 |
_aNovel _bEnglish |
||
| 942 | _cBK | ||
| 999 |
_c200103 _d200103 |
||